000 01321nim a2200301 i 4500
001 5039
003 ES-MaACL
005 20250623204635.0
007 s|r|||||||||||
008 070913s1984 sp ||| |||||||| | spa d
245 0 0 _aPresentación del libro "La madre que te parió" de José Luis Alegre Cudós
_h[Grabación sonora] /
_cintervienen Victoria Vera, José Luis Coll, Juan A. Hormigón, Ignacio Amestoy, Cristina Vizcaíno y el autor.
260 _aMadrid :
_bAteneo de Madrid,
_c1984.
300 _a2 discos (CD-DA) (1 h. 37 min. 37 seg.) ;
_c12 cm.
500 _aDatos basados en la invitación.
518 _aActo organizado por el Ateneo de Madrid, celebrado en el salón de actos el jueves, 17 de mayo de 1984, a las 20:00 h.
610 0 4 _aAteneo de Madrid-
_xActos culturales-
_y1984-
_vGrabaciones sonoras
_91899
700 0 _aVera, Victoria,
_d1953-
_9113954
700 1 _aColl, José Luis.
_939614
700 1 _aHormigón, Juan Antonio.
_964204
700 1 _aAmestoy Eguiguren, Ignacio,
_d1947-
_921210
700 1 _aVizcaíno, Cristina.
_9115609
700 0 _aAlegre Cudós, José Luis,
_d1951-2022
_919668
710 2 _aAteneo de Madrid.
_91875
852 _aES-MaACL
_jROT 6/1/13
_95156
_cROT
852 _aES-MaACL
_jROT 6/1/14
_9203684
_cROT
942 _2udc
999 _c5039
_d5039